Amapola y memoria = : Mohn und Gedächtnis : poemas /

Guardado en:
Bibliografiske detaljer
Hovedforfatter: Celan, Paul (autor)
Andre forfattere: Munárriz, Jesús (notas y traducción) (notas y traducción)
Format: Bog
Sprog:spansk
Udgivet: Madrid, España : Hiperión, 1999, c1999
Udgivelse:3a edición
Serier:(Poesía Hiperión ; 84)
Fag:
Tags: Tilføj Tag
Ingen Tags, Vær først til at tagge denne postø!

MARC

LEADER 00000nam^a2200000^a^4500
001 000178131
005 20250521000000.0
009 20260310101738.764
020 |a 84-7517-151-6 
037 |a Acervo ITESO - Biblioteca 
041 |a ESP 
082 |a 831.  |b CEL 
100 |a Celan, Paul  |e (autor) 
245 1 0 |a Amapola y memoria = :  |b Mohn und Gedächtnis : poemas /  |c P. Celan ; notas y tr. por J. Munárriz. 
250 |a 3a edición 
264 4 |a Madrid, España :  |b Hiperión,  |c 1999, c1999 
300 |a 156 p. 
336 |a texto  |b txt  |2 rdacontenido 
337 |a sin mediación  |b n  |2 rdamedio 
338 |a volumen  |b nc  |2 rdasoporte 
440 1 |a (Poesía Hiperión ;  |v 84) 
500 |a Traducción de: Mohn und Gedächtnis 
545 0 |a Paul Celan (1920-1970), escritor alemán de origen judío rumano y expresión alemana. Logró huir de la persecución nazi y desde 1948 se estableció en París. Su primera poesía expresó el sufrimiento del poeta, de su familia y de su pueblo, así como la tragedia de los sobrevivientes al Holocausto; conforme maduraba sus temas, su lenguaje se fue haciendo cada vez más metafórico y evocativo, por lo que es muy cercana al surrealismo; en gran medida, sus poemas dan cuenta de su relación amorosa con la también poeta Ingeborg Bachmann, así como de su depresión. Su obra está fuertemente influenciada por las teorías filosóficas de Martin Heidegger, de quien Celan fue un gran lector y feroz crítico, así como de Walter Benjamin Theodor Adorno. Entre otros, es autor de: La arena de las urnas; Adormidera y memoria; De umbral en umbral; La rosa de nadie y Hacienda del tiempo.Paul Celan (1920-1970), poeta alemán de origen judío. Logró huir de la persecusión nazi y desde 1948 se estableció en París. Su primera poesía expresó el sufrimiento del poeta, de su familia y de su pueblo, así como la tragedia de los sobrevivientes al Holocausto; conforme maduraba sus temas, su lenguaje se fue haciendo cada vez más metafórico y evocativo. Es autor de: Amapola y memoria (1952), La rosa de nadie (1963) y Hacienda del tiempo (1976). 
546 |a Edición bilingüe español-alemán 
649 |a XX 
650 |a Poesía Alemana 
650 |a Literatura Alemana -  |y Siglo XX 
700 |a Munárriz, Jesús  |e (notas y traducción) 
910 |a Fondo General 
920 |a Impresos - Libros 
930 |a Colección General 
940 |a Literatura 
905 |a 101 
901 |a 0500117089  |b IT1  |c LIT  |u 20250521 
902 |a https://opac.biblio.iteso.mx/vufind/Record/000178131